| 000 | 00559nam a2200193Ia 4500 | ||
|---|---|---|---|
| 001 | 68316 | ||
| 008 | 150819s9999 xx 000 0 und d | ||
| 020 | _a0394544277 | ||
| 040 | _cPK-LaUMT | ||
| 082 |
_aRCC 427.97303 _bRAN- |
||
| 100 | _aLighter, J. E. | ||
| 245 |
_aRandom House historical dictionry of American slang _cLighter, J. E.|Ball, J.|Oconnor, J. |
||
| 260 |
_aNew York, USA: _bRandom House, _c1994 |
||
| 546 | _aEN | ||
| 650 | _aEnglish language-United States-Slang-Dictionaries | ||
| 700 | _aBall, J. | ||
| 700 | _aOconnor, J. | ||
| 942 | _cBK | ||
| 999 |
_c74348 _d74348 |
||